El Museu Romàntic Can Papiol : guia / textos: Assumpta Gou i Vernet ; fotografies: Miquel Alentorn, Oriol Clavell guia / textos:
ISBN:
84-7794-804-6
Descripción Física:
32 p. : il., col. ; 22 cm
MARC
| LEADER | 00000nam a2200000Ia 4500 | ||
|---|---|---|---|
| 001 | 13275 | ||
| 008 | 160829s2001 xx 000 0 cat d | ||
| 020 | |a 84-7794-804-6 | ||
| 080 | |a FU-14-91 | ||
| 100 | |a Museu Romàntic Can Papiol |9 30629 | ||
| 245 | |a El Museu Romàntic Can Papiol : |b guia / textos: |b Assumpta Gou i Vernet ; fotografies: |b Miquel Alentorn, Oriol Clavell | ||
| 250 | |a 2a ed. | ||
| 260 | |a Barcelona : |b Diputació de Barcelona. Àrea de Cultura, |c 2001 | ||
| 300 | |a 32 p. : |b il., col. ; |c 22 cm | ||
| 650 | |a Museu Romàntic Can Papiol |x Guies |9 30630 | ||
| 650 | |a Museus |x Catalunya |x Guies |9 49099 | ||
| 700 | 1 | |a Alentorn, Miquel |9 30631 | |
| 700 | |a Clavell, Oriol, fot. |9 30632 | ||
| 700 | |a Gou i Vernet, Assumpta |9 30633 | ||
| 710 | 1 | |a Barcelona (Catalunya : Província). |b Àrea de Cultura |9 53536 | |
| 901 | |a Arxiu | ||
| 942 | |n 1 | ||
| 952 | |0 0 |1 0 |4 0 |6 FU1491 |7 1 |9 45506 |a Arxiu |b Arxiu |d 2016-12-01 |l 0 |o FU-14-91 |p 13275 |r 2016-12-01 00:00:00 |w 2016-12-01 |y ARXIU | ||
| 999 | |c 48671 |d 48671 | ||